000 00947nam a2200277Ia 4500
003 OSt
005 20220923211557.0
006 a|||||r|||| 00| 0
007 ta
008 220922b |||||||| |||| 00| 0 san d
020 _a9789385804168 (hbk)
_c550
024 _a353,074
037 _b257, 18/12/2019, Eastern Book Linkers
_cTextual
040 _aARTS
_cARTS
_bsan
041 _2san
_asan
082 _aQ1:24x, 152Q6
100 _aमिश्र, सूर्यमणि, ले.
245 0 _aईशादि नौ उपनिषद्
246 _aĪshādi nau upaniṣhad
260 _aकानपुर
_b चिंतन प्रकाशन
_c2016
300 _a232पृ0
_ccm.
650 _a उपनिषद्
650 _aधर्म
942 _hQ1:24x, 152Q6
_cTEXL
_2CC
999 _c300944
_d300944